000 00475nam a2200181Ia 4500
999 _c3439
_d3439
008 250604t2022 xx |||||||||||||| ||und||
020 _a9789371391054
_cRs. 225.00
040 _aKO
082 0 4 _a823
_bP8849
_223
100 1 _aPrakash, Shakti
245 1 4 _aThe man towards the moksha /
_cShakti Prakash
260 _aNew Delhi :
_bBluerose publishers,
_c2022
300 _a99 p.
_b :
_c; 21 cm.
650 0 _vFiction
904 _aA_BOSE
942 _cBK
_2ddc